000 00625nam a2200157Ia 4500
003 IN-BaIIA
008 211028s9999 xx 000 0 eng d
040 _cIIA Library
080 _a083.7:62
_bASM
110 _aAmerican Society of Mechanical Engineers
_912067
245 0 _a1980 ASME boiler and pressure vesel code section III division1: appendices with summer '80 winter '80 and summer'81 adde
_cThe American Society of Mechanical Engineers
260 _aNew York
_bThe American Society of Mechanical Engineers
_c1980
300 _axxii, 645p.
650 _aAstronomy and Astrophysics Thesaurus
942 _cBK
999 _c7056
_d7056